| 000 | 00972cam a22003497c 4500 | ||
|---|---|---|---|
| 001 | 5105066 | ||
| 003 | DO-SdBNP | ||
| 005 | 20250610071742.0 | ||
| 007 | 5105066 | ||
| 008 | 110908s2002 sp a | |||| 000 0 spa | ||
| 017 |
_a _b |
||
| 020 | _a9788426346148 | ||
| 035 | _a | ||
| 040 |
_aBPMSU _bspa _cBPMSU _e |
||
| 080 | _a | ||
| 082 | 4 |
_a863.6 _bG47p |
|
| 100 | 1 |
_aGisbert, Joan Manuel _d1949- |
|
| 245 | 1 | 3 |
_aEl palacio de los tres ojos / _cJoan Manuel Gisbert ; ilustraciones Chata Lucini. _h |
| 260 |
_aZaragoza : _bEdelvives _c2008 |
||
| 300 |
_a127 p. : _b il. ; _c24 cm |
||
| 490 | 0 |
_aAla delta, _v1 |
|
| 500 | _a | ||
| 521 | _aA partir de 8 años. | ||
| 590 | _aInventariado, 2025/VM | ||
| 650 | 4 | _2Novela juvenil española | |
| 650 | 4 |
_ajusticia _vNovela juvenil. _2 |
|
| 650 | 4 |
_aHumildad _vNovela juvenil. |
|
| 700 | 1 |
_aLucini, Chata, _eilustración |
|
| 910 | _aVMateo V. Control de calidad. BPMSU | ||
| 942 |
_2ddc _cBK |
||
| 945 | _a | ||
| 999 |
_c9237 _d9237 |
||